| 000 | 00334nam a22001337a 4500 | ||
|---|---|---|---|
| 020 | _qPB. | ||
| 040 | _cFIZZA ISHAQ | ||
| 082 |
_a005.133 _bJAN |
||
| 100 |
_aSOLVEN, FRIK JAN. _986831 |
||
| 245 |
_aPROGRAMMING COMPUTER VISION / _cJAN FRIK SOLVEN. |
||
| 260 |
_aNEW YORK : _bO' REILLY, _c2012. |
||
| 300 | _a247 P, ; | ||
| 942 |
_2ddc _cBK |
||
| 999 |
_c587419 _d587419 |
||